LDR 00747naa#a2200181#i#450# 001 EN\\bibl\126609 005 20260705010304.7 011 ## _a2222-7962 100 ## _a20260628b2026####ek#y0engy0150####ca 102 ## _aRU 200 1# _aEvaluation of the hydrodynamic Influence of the Hull of a towing timber transport Module on the operating Conditions of the Propellers _eJournal article 210 1# _aVoronezh _cFSBE Institution of Higher Education Voronezh State University of Forestry and Technologies named after G.F. Morozov _d2026 215 ## _a12 с. 608 ## _aJournal article _2local 675 ## _aЛесное хозяйство. Лесоводство. 630 _z 700 #1 _aPosypanov _gSergey Valentinovich 700 #1 _aKalitin _gNikita S. 856 4# _anaukaru.ru _u